000 00668nam a2200217Ii 4500
001 11866
003 CO-ViMGA
008 241108s9999||||xx |||||||||||||| ||und||
020 _a8471147734
040 _aCO-ViMGA
_bspa
_erda
_cCO-ViMGA
041 0 _aunk
082 0 4 _a658.84 C874
100 1 _aTyler Cowen
_957174
245 1 0 _aLos mercados en la empresa:
_bMecanismos de mercado aplicados a la gestión
264 1 _a[Lugar de publicación no identificado] : Aedos, 1998
300 _avolumen
336 _atext
_btxt
_2rdacontent
337 _aunmediated
_bn
_2rdamedia
338 _avolume
_bnc
_2rdacarrier
940 _aidficha_siabuc: 11585. -- ficha_no_siabuc:11866
999 _c55475
_d55475